00768cam a22002531 4500001001300000003000400013005001700017008004100034010001700075025001900092035002000111040002300131043001200154050001600166082001700182100002900199245010300228260006800331300001800399650002900417650002100446650003000467999001700497sa 67002653 DLC20260227112332.0861119s1966 ii f000 0 eng  asa 67002653  aPL480:I-E-7081 a(OCoLC)14769037 aDLCcWaUdWaUdDLC aa-ii---00aHG3971b.C5 a332.4/5/09541 aChowdhury, P. N.,d1925-12aA study on the conservation of foreign exchange by the national laboratories,cby P. N. Chowdhury. aNew Delhi,bCouncil of Scientific & Industrial Researchc[1966] a15 p.c26 cm. 0aForeign exchangezIndia. 0aResearchzIndia. 0aFinancexResearchzIndia. c73355d73355